00916cam a2200241 a 45000010008000000030004000080050017000120080041000290100017000700200015000870400018001020820016001201100023001362450156001592600089003153000029004045040054004336100020004879060045005079420012005529990015005649520095005791565265OSt20230704141543.0920302s1991 sw a b i000 0 eng  a 92124744  a9122014373 aDLCcDLCdDLC00a341.23bNOR2 aNordic UN Project.14aThe United Nations in development :breform issues in the economic and social fields : a Nordic perspective : final report /cby the Nordic UN Project. aStockholm :bThe Project :bDistributed by Almqvist & Wiksell International,cc1991. a111 p. :bill. ;c25 cm. aIncludes bibliographical references (p. 105-108).20aUnited Nations. a7bcbccorignewd2encipf19gy-gencatlg 2ddccBK c3861d3861 00102ddc4070a002b002d2023-07-04l0o341.23 NORp10010598r2023-07-04w2023-07-04yBK